Mastering MATLAB 7 (Record no. 64112)
[ view plain ]
| 000 -LEADER | |
|---|---|
| fixed length control field | 00417nam a22001697a 4500 |
| 003 - CONTROL NUMBER IDENTIFIER | |
| control field | NUST - PNEC |
| 005 - DATE AND TIME OF LATEST TRANSACTION | |
| control field | 20170116180833.0 |
| 008 - FIXED-LENGTH DATA ELEMENTS--GENERAL INFORMATION | |
| fixed length control field | 150803b xxu||||| |||| 00| 0 eng d |
| 020 ## - INTERNATIONAL STANDARD BOOK NUMBER | |
| International Standard Book Number | 8131707431 |
| 040 ## - CATALOGING SOURCE | |
| Transcribing agency | LIBRARY |
| 082 ## - DEWEY DECIMAL CLASSIFICATION NUMBER | |
| Classification number | 519.40285 HAN |
| 100 ## - MAIN ENTRY--PERSONAL NAME | |
| 9 (RLIN) | 4797 |
| Personal name | Hanselman, Duane C. |
| 245 ## - TITLE STATEMENT | |
| Title | Mastering MATLAB 7 |
| Statement of responsibility, etc. | Duane C. Hanselman |
| 260 ## - PUBLICATION, DISTRIBUTION, ETC. | |
| Date of publication, distribution, etc. | c2005. |
| 650 ## - SUBJECT ADDED ENTRY--TOPICAL TERM | |
| 9 (RLIN) | 4798 |
| Topical term or geographic name entry element | MATLAB |
| General subdivision | ME |
| 942 ## - ADDED ENTRY ELEMENTS (KOHA) | |
| Source of classification or shelving scheme | |
| Koha item type | Book |
| Withdrawn status | Lost status | Source of classification or shelving scheme | Damaged status | Not for loan | Permanent Location | Current Location | Shelving location | Date acquired | Total Checkouts | Full call number | Barcode | Date last seen | Price effective from | Koha item type | Date last checked out | Cost, replacement price |
|---|---|---|---|---|---|---|---|---|---|---|---|---|---|---|---|---|
| Pakistan Navy Engineering College (PNEC) | Pakistan Navy Engineering College (PNEC) | 08/03/2015 | 519.40285 HAN | PNECLIB-022577 | 08/03/2015 | 08/03/2015 | Book | |||||||||
| Pakistan Navy Engineering College (PNEC) | Pakistan Navy Engineering College (PNEC) | 2 | 519.40285 HAN | PNECLIB-022578 | 09/08/2016 | 01/21/2016 | Book | 05/18/2016 | 0.00 |
